000
00350nam a2200157Ia 4500
003
OSt
005
20240221145044.0
008
170524s9999 xx 000 0 und d
020
_a
978-0070841628
040
_c
IIMT UNIVERSITY MEERUT
100
_a
Lander Cyril W
245
0
_a
Power Electronic
260
_b
MGH
260
_c
1993
942
_2
ddc
_c
02
999
_c
5067
_d
5067